00428 2200169 4500001002100000005001500021008004100036020001800077035001900095041000700114082001400121090001400135100001900149245004300168260002400211300002300235INLIS00000000002411020241224131640241224||||||||| | ||| |||| || |  a979-9917-21-2 0010-1224024110 aid0 a371.12598 a371.125980 aMuchlas Samani00aMengenai sertifikasi Guru di Indonesia aSurabayabSICc2010 avi;145 hlm;20,5 cm